| 000 | 00749nam a22003138a 4500 | ||
|---|---|---|---|
| 003 | data | ||
| 005 | 20260322212036.0 | ||
| 008 | data | ||
| 010 | _a 2003043225 | ||
| 020 | _a0399148760 | ||
| 020 | _a9780399148767 | ||
| 040 |
_aDLC _cDLC |
||
| 043 | _an-us-ma | ||
| 049 |
_aDPLA _nBookMARC |
||
| 050 | 0 | 0 |
_aPS3553.O5545 _bS45 2003 |
| 082 | 0 | 0 |
_a813/.54 _221 |
| 099 | _aCOOKR | ||
| 100 | 1 |
_aCook, Robin, _d1940- |
|
| 245 | 1 | 0 |
_aSeizure / _cRobin Cook. |
| 260 |
_aNew York : _bPutnam _c2003. |
||
| 263 | _a0307 | ||
| 300 | _ap. cm. | ||
| 650 | 0 |
_aPhysicians _vFiction. |
|
| 651 | 0 |
_aCambridge (Mass.) _vFiction. |
|
| 655 | 7 |
_aSuspense fiction. _2gsafd |
|
| 655 | 7 |
_aPolitical fiction. _2lcsh |
|
| 655 | 7 |
_aMedical novels. _2gsafd |
|
| 001 | data | ||
| 999 |
_c833 _d833 |
||